| 000 | 00505nam a2200181Ia 4500 | ||
|---|---|---|---|
| 005 | 20250923144441.0 | ||
| 008 | 008 250917s9999 xx 000 0 eng d | ||
| 037 | _aTextual | ||
| 040 |
_aDSWL _beng _cDSWL |
||
| 041 |
_aeng _2eng |
||
| 084 | _qDSWL | ||
| 100 |
_aGoyal, R.C. _9825022 |
||
| 245 | 0 |
_aPost -war trends in industrial relations in India _cby R.C. Goyal |
|
| 260 |
_aNew Delhi _b 52 Queen Sway India _c1955 |
||
| 300 | _a55p. | ||
| 942 | _cTEXL | ||
| 999 |
_c1439018 _d1439018 |
||